000 00790nam a2200217 i 4500
001 106011
003 ES-MaACL
005 20230906184031.0
007 t|
008 060920s1944 ag ||||1| spa d
080 _a63(460)
100 1 _aNogués Sardá, Agustín.
_985893
245 1 4 _aLos problemas de la producción agrícola española :
_bcultivos, rendimientos, riqueza, comercio exterior /
_cAgustín Nogués Sardá.
260 _aBuenos Aires :
_bPatronato Hispano-Argentino de Cultura,
_c[1944]
300 _a128 p. ;
_c19 cm.
490 1 _aCuadernos de cultura española ;
_v21
650 4 _aAgricultura-
_zEspaña.
_99680
830 1 _aCuadernos de cultura española ;
_v21
_9232798
852 _aES-MaACL
_jAND-756
_z- Biblioteca Juan Andrade
999 _c106011
_d106011